[Event "Magistral las Dunas op 5th"]
[Site "Punta del Este"]
[Date "2001.??.??"]
[Round "1"]
[White "Alvarez, Roberto Gabriel"]
[Black "Papst, Wilheim"]
[Result "1-0"]
[WhiteElo "2150"]
[BlackElo "1800"]
[PlyCount "95"]
[EventDate "2001.10.22"]
[EventType "swiss"]
[EventRounds "9"]
[EventCountry "URU"]
[SourceTitle "CBM 085 Extra"]
[Source "ChessBase"]
[SourceDate "2002.01.21"]
[SourceVersion "1"]
[SourceVersionDate "2002.01.21"]
[SourceQuality "1"]

1. e4 e5 2. Nf3 d6 3. d4 Bg4 4. Bc4 Bxf3 5. Qxf3 Nf6 6. 0-0 Nbd7 7. Qb3 d5 8. exd5 Bd6 9. dxe5 Nxe5 10. Bb5+ Nfd7 11. Qh3 a6 12. Ba4 b5 13. Bb3 0-0 14. c3 Nf6 15. Bc2 Ng6 16. Bg5 Re8 17. Qf3 Be5 18. Bb3 Qd6 19. g3 h6 20. Be3 Qd7 21. Nd2 Rad8 22. Rfd1 Bd6 23. Nf1 Re5 24. Bd4 Rf5 25. Qg2 h5 26. Ne3 Rg5 27. Kh1 Nh4 28. Qf1 Nf5 29. Bxf6 Nxe3 30. fxe3 Rf5 31. Qh3 Rxf6 32. Qxd7 Rxd7 33. Rf1 Be5 34. Kg2 b4 35. cxb4 Bxb2 36. Rab1 Bc3 37. Rxf6 gxf6 38. Kf3 Kg7 39. Bc4 Rd6 40. Rb3 Be5 41. Ke4 Kg6 42. Ra3 Rb6 43. Ra4 Bd6 44. a3 Kg5 45. Bxa6 Kg4 46. Bc8+ Kg5 47. Bd7 Rb8 48. b5 1-0